Bad harvest? : the timber trade and the degredation of the world's forests

Bibliographic Details
Main Author: Dudley, Nigel, d 1955-
Corporate Authors: International Institute for Environment and Development, World Wildlife Fund (Great Britain)
Other Authors: Jeanrenaud, J-P, Sullivan, Francis
Format: Book
Published: London : Earthscan , 1995
Subjects:

MARC

LEADER 00000cam a2200000 7i4500
001 0000003264
005 20050819.0
020 0 0 |a 1853831883 (pbk) 
090 0 0 |a 338.17498   |b DUD 
100 1 0 |a Dudley, Nigel, d 1955- 
245 1 0 |a Bad harvest? :   |b the timber trade and the degredation of the world's forests   |c Nigel Dudley, Jean-Paul Jeanrenaud and Francis Sullivan. 
260 0 0 |a London :   |b Earthscan ,   |c 1995 
300 |a xiv,204p. ;   |c 24cm. 
500 0 0 |a On t/p verso: Published in association with the WWF-UK and the International Institute for Environment and Development 
650 0 0 |a Forest degradation 
650 0 0 |a Lumber trade   |x Environmental aspects 
650 0 0 |a Timber   |a Trades 
700 1 1 |a Jeanrenaud, J-P. 
700 1 1 |a Sullivan, Francis 
710 2 1 |a International Institute for Environment and Development. 
710 2 1 |a World Wildlife Fund (Great Britain) 
999 |a 0000006209   |b Monograph   |c Open Shelf   |e Default branch